| Tag |
First Indicator |
Second Indicator |
Subfields |
| LEADER |
00000cam a2200000 a 4500 |
| 001 |
in00002203513 |
| 005 |
20151104104151.0 |
| 008 |
061206s2006 fr ab b 000 0 ita c |
| 020 |
|
|
|a 272830758X
|
| 020 |
|
|
|a 9782728307586
|
| 029 |
0 |
|
|a TZT
|b JTL00192364
|
| 035 |
|
|
|a (OCoLC)ocm76949396
|
| 040 |
|
|
|a TZT
|c TZT
|d TXA
|d UtOrBLW
|
| 042 |
|
|
|a pcc
|
| 043 |
|
|
|a e-it---
|
| 049 |
|
|
|a TXAM
|
| 050 |
|
4 |
|a NK4104.R6
|b R67 2006
|
| 072 |
|
7 |
|a DG
|2 lcco
|
| 082 |
1 |
4 |
|a 937
|2 1
|
| 245 |
0 |
0 |
|a Roma, lo scavo dei fori imperiali, 1995-2000 :
|b I contesti ceramici /
|c a cura di Roberto Meneghini e Riccardo Santangeli Valenzani ; fotografie di Elisabetta Bianchi.
|
| 246 |
3 |
0 |
|a Scavo dei fori imperiali, 1995-2000
|
| 246 |
3 |
0 |
|a Contesti ceramici
|
| 264 |
|
1 |
|a Rome :
|b Ecole française de Rome,
|c 2006.
|
| 300 |
|
|
|a 233 pages :
|b illustrations (some color), maps ;
|c 28 cm.
|
| 336 |
|
|
|a text
|b txt
|2 rdacontent
|
| 337 |
|
|
|a unmediated
|b n
|2 rdamedia
|
| 338 |
|
|
|a volume
|b nc
|2 rdacarrier
|
| 490 |
1 |
|
|a Collection de l'Ecole française de Rome,
|x 0223-5099 ;
|v 365
|
| 504 |
|
|
|a Includes bibliographical references.
|
| 650 |
|
0 |
|a Pottery
|z Italy
|z Rome.
|
| 650 |
|
0 |
|a Excavations (Archaeology)
|z Italy
|z Rome.
|
| 650 |
|
0 |
|a Forums, Roman
|z Italy.
|
| 651 |
|
0 |
|a Rome (Italy)
|x Antiquities.
|
| 653 |
|
|
|a Roman archaeology
|a Ceramics
|
| 700 |
1 |
|
|a Meneghini, Roberto.
|
| 700 |
1 |
|
|a Santangeli Valenzani, Riccardo.
|
| 700 |
1 |
|
|a Bianchi, Elisabetta.
|
| 830 |
|
0 |
|a Collection de l'École française de Rome.
|x 0223-5099 ;
|v 365.
|
| 938 |
|
|
|a Jean Touzot Libraire Editeur
|b TOUZ
|n JTL00192364
|c 78 EUR
|
| 948 |
|
|
|a cataloged
|b h
|c 2006/12/21
|d c
|e fpiscitelli
|f 3:12:25 pm
|
| 994 |
|
|
|a C0
|b TXA
|
| 999 |
|
|
|a MARS
|
| 999 |
f |
f |
|s 28070745-bc00-316e-854a-188a0ac079e6
|i 533c143f-a5c7-3b41-bb7b-84424ccd892d
|t 0
|
| 952 |
f |
f |
|p normal
|a Texas A&M University
|b College Station
|c Sterling C. Evans Library
|d Evans: Library Stacks
|t 0
|e NK4104.R6 R67 2006
|h Library of Congress classification
|i unmediated -- volume
|m A14834698769
|
| 998 |
f |
f |
|a NK4104.R6 R67 2006
|t 0
|l Evans: Library Stacks
|